| Tag |
First Indicator |
Second Indicator |
Subfields |
| LEADER |
00000cam a2200000Ia 4500 |
| 001 |
in00002091908 |
| 005 |
20170415063019.0 |
| 008 |
760812s1976 cu a 000 0 eng d |
| 035 |
|
|
|a (OCoLC)ocm02367366
|
| 040 |
|
|
|a YUS
|c YUS
|d OCLCQ
|d TXA
|d UtOrBLW
|
| 043 |
|
|
|a f-ao---
|a nwcu---
|
| 049 |
|
|
|a TXAM
|
| 090 |
|
|
|a DT611.8
|b .C37 1976
|
| 100 |
1 |
|
|a Castro, Fidel,
|d 1926-2016.
|
| 245 |
1 |
0 |
|a Angola, African Girón :
|b [speech ... at Playa Girón, Havana ... 1976 ...] /
|c Fidel Castro.
|
| 264 |
|
1 |
|a La Habana :
|b Editorial de Ciencias Sociales,
|c 1976.
|
| 300 |
|
|
|a 30 pages :
|b illustrations ;
|c 19 cm.
|
| 336 |
|
|
|a text
|b txt
|2 rdacontent
|
| 337 |
|
|
|a unmediated
|b n
|2 rdamedia
|
| 338 |
|
|
|a volume
|b nc
|2 rdacarrier
|
| 490 |
1 |
|
|a Ediciones Politicas
|
| 651 |
|
0 |
|a Angola
|x Politics and government.
|
| 651 |
|
0 |
|a Cuba
|x Foreign relations
|z Angola.
|
| 651 |
|
0 |
|a Angola
|x Foreign relations
|z Cuba.
|
| 830 |
|
0 |
|a Ediciones políticas (Havana, Cuba)
|
| 948 |
|
|
|a cataloged
|b h
|c 2005/11/3
|d c
|e mjackson
|f 12:23:29 pm
|
| 994 |
|
|
|a C0
|b TXA
|
| 999 |
|
|
|a MARS
|
| 999 |
f |
f |
|s c4b1e711-73fc-3068-a82d-e98df1c69ed1
|i 2f4a5da4-41bb-38e5-a6b3-76398cd417ac
|t 0
|
| 952 |
f |
f |
|p noncirc
|a Texas A&M University
|b College Station
|c Cushing Memorial Library & Archives
|d Cushing: Area Studies/Africana (Does not check out)
|t 0
|e DT611.8 .C37 1976
|h Library of Congress classification
|i unmediated -- volume
|
| 998 |
f |
f |
|a DT611.8 .C37 1976
|t 0
|l Cushing: Area Studies/Africana (Does not check out)
|